000 00304nam a22001337a 4500
008 170818b xxu||||| |||| 00| 0 eng d
020 _a9780151003389
041 _aeng
080 _a51
100 _a37
101 _aMAT
245 _aTHE ADVENT OF THE ALGORITHM
_cBERLINSKI.D
942 _2udc
_cBK
999 _c24037
_d24037